<?xml version="1.0" encoding="UTF-8"?><?xml-stylesheet type="text/xsl" href="static/style.xsl"?><OAI-PMH xmlns="http://www.openarchives.org/OAI/2.0/" xmlns:xsi="http://www.w3.org/2001/XMLSchema-instance" xsi:schemaLocation="http://www.openarchives.org/OAI/2.0/ http://www.openarchives.org/OAI/2.0/OAI-PMH.xsd"><responseDate>2026-04-14T03:44:39Z</responseDate><request verb="GetRecord" identifier="oai:www.recercat.cat:20.500.12327/3570" metadataPrefix="marc">https://recercat.cat/oai/request</request><GetRecord><record><header><identifier>oai:recercat.cat:20.500.12327/3570</identifier><datestamp>2025-10-22T11:22:18Z</datestamp><setSpec>com_2072_4428</setSpec><setSpec>com_2072_4427</setSpec><setSpec>col_2072_487898</setSpec></header><metadata><record xmlns="http://www.loc.gov/MARC21/slim" xmlns:dcterms="http://purl.org/dc/terms/" xmlns:xsi="http://www.w3.org/2001/XMLSchema-instance" xmlns:doc="http://www.lyncode.com/xoai" xsi:schemaLocation="http://www.loc.gov/MARC21/slim http://www.loc.gov/standards/marcxml/schema/MARC21slim.xsd">
   <leader>00925njm 22002777a 4500</leader>
   <datafield ind2=" " ind1=" " tag="042">
      <subfield code="a">dc</subfield>
   </datafield>
   <datafield ind2=" " ind1=" " tag="720">
      <subfield code="a">Dantas, Adriana</subfield>
      <subfield code="e">author</subfield>
   </datafield>
   <datafield ind2=" " ind1=" " tag="720">
      <subfield code="a">Gou, Pere</subfield>
      <subfield code="e">author</subfield>
   </datafield>
   <datafield ind2=" " ind1=" " tag="720">
      <subfield code="a">Piella-Rifà, Marc</subfield>
      <subfield code="e">author</subfield>
   </datafield>
   <datafield ind2=" " ind1=" " tag="720">
      <subfield code="a">Felipe, Francisco Javier</subfield>
      <subfield code="e">author</subfield>
   </datafield>
   <datafield ind2=" " ind1=" " tag="260">
      <subfield code="c">2024-12-06</subfield>
   </datafield>
   <datafield ind2=" " ind1=" " tag="520">
      <subfield code="a">Oat is a well-studied food known for its nutritional properties, which provide health benefits under regular consumption. The potential of a new spray drying technology (pulse spray drying, PSD) was explored in drying oat drinks. Additionally, feed solutions were dried by traditional spray drying (SD), and the effect of maltodextrin addition was assessed. Two types of powder samples were collected: the primary powder, from the main chamber; and the overall powder, after mixing both the powder from the main chamber and the powder from the cyclone separator. Some physicochemical properties of the powders and their morphological characteristics were examined. The analyses performed did not indicate significant differences between primary and overall powders. Maltodextrin-added powders from PSD presented higher moisture, water activity (aw), solubility, and particle size; and lower bulk and tapped densities, indicating a higher volume occupied by the particles. Color measurements (luminosity and chroma) differed between the drying treatments: a lighter coloration was observed in the SD group. Finally, images from scanning electron microscopy (SEM) revealed that the lower moisture content in the samples without maltodextrin led to a greater distribution of pores in the surface of particles. In conclusion, the data raised in this study suggest that using the PSD in combination with maltodextrin can be a good approach to dry vegetable drinks. However, other drying parameters need to be tested to improve the powder flow properties (e.g., airflow rate, atomization pressure, relative humidity, feed composition), as they are important characteristics during the processing.</subfield>
   </datafield>
   <datafield ind1="8" ind2=" " tag="024">
      <subfield code="a">Dantas, Adriana, Pere Gou, Marc Piella-Rifà, and Xavier Felipe. 2025. “Powdered Oat Drink Production by Pulse Spray Drying.” Future Foods 11 (June): 100521. https://doi.org/10.1016/j.fufo.2024.100521.  ‌</subfield>
   </datafield>
   <datafield ind1="8" ind2=" " tag="024">
      <subfield code="a">2666-8335</subfield>
   </datafield>
   <datafield ind1="8" ind2=" " tag="024">
      <subfield code="a">http://hdl.handle.net/20.500.12327/3570</subfield>
   </datafield>
   <datafield ind1="8" ind2=" " tag="024">
      <subfield code="a">https://doi.org/10.1016/j.fufo.2024.100521</subfield>
   </datafield>
   <datafield ind2="0" ind1="0" tag="245">
      <subfield code="a">Powdered oat drink production by pulse spray drying</subfield>
   </datafield>
</record></metadata></record></GetRecord></OAI-PMH>